000 00514nam a2200181Ia 4500
999 _c32374
_d32374
003 OSt
005 20200730122436.0
008 190216s9999||||xx |||||||||||||| ||und||
020 _a9788173198366
040 _coclc
082 _a512.7
_bROB/B
100 _aRobbins, Neville
_93875
245 0 _aBeginning Number Theory /
_cNeville Robbins
260 _bNarosa Pubs House,
_c2007.
_aNew Delhi:
300 _a338p
650 _aMathematics
942 _cBK
_2ddc
_h512.7
_iROB/B
_k512.7
_mROB/B